Juan Gil-Albert fuentes de una constancia (Record no. 169759)

MARC details
000 -LEADER
campo de control de longitud fija 00747nam a22001815i 4500
001 - NÚMERO DE CONTROL
campo de control 169759
003 - IDENTIFICADOR DE NÚMERO DE CONTROL
campo de control ES-MaACL
005 - FECHA Y HORA DE LA ÚLTIMA TRANSACCIÓN
campo de control 20250630161403.0
008 - DATOS DE LONGITUD FIJA--INFORMACIÓN GENERAL
campo de control de longitud fija 081125s2005 sp |||| | spa d
080 ## - NÚMERO DE LA CLASIFICACIÓN DECIMAL UNIVERSAL
Número de la Clasificación Decimal Universal 929 Gil-Albert, Juan
245 00 - MENCIÓN DEL TÍTULO
Título Juan Gil-Albert fuentes de una constancia
Resto del título : [catálogo de la exposición homónima, Orihuela, Sala de Exposiciones de la Fundación Cultural Miguel Hernández, del 20 de enero al 20 de febrero de 2005].
260 ## - PUBLICACIÓN, DISTRIBUCIÓN, ETC.
Lugar de publicación, distribución, etc. Orihuela :
Nombre del editor, distribuidor, etc. Fundación Cultural Miguel Hernández,
Fecha de publicación, distribución, etc. [2005]
300 ## - DESCRIPCIÓN FÍSICA
Extensión 33 p. :
Otras características físicas il. ;
Dimensiones 21 cm.
600 14 - PUNTO DE ACCESO ADICIONAL DE MATERIA--NOMBRE DE PERSONA
Nombre de persona Gil-Albert, Juan,
Fechas asociadas al nombre 1904-1994
9 (RLIN) 56757
710 2# - ENTRADA AGREGADA--NOMBRE DE ENTIDAD CORPORATIVA
Nombre de entidad corporativa o nombre de jurisdicción como elemento de entrada Fundación Cultural Miguel Hernández.
9 (RLIN) 4265
852 ## - LOCALIZACIÓN
Ubicación ES-MaACL
Número de control de estantería 2238-F-18
itemnumber R.144095
Holdings
Estatus retirado Estado de pérdida Estado de daño No para préstamo Colección Biblioteca de origen Biblioteca actual Ubicación en estantería Fecha de adquisición Fuente de adquisición Total de préstamos Signatura topográfica completa Código de barras Visto por última vez Precio de reemplazo Tipo de ítem Koha
        Colección de folletos Biblioteca del Ateneo de Madrid Biblioteca del Ateneo de Madrid Depósito folletos 25/11/2008     2238-F-18 1178229 23/02/2023 23/02/2023 Folleto